Čo chýba katedre novinárstva a knihovedy

Článok o nových podmienkach knižnej politiky po r. 1948 - t. j. po zoštátnení vydavateľstiev, nakladateľstiev a predovšetkým knižnej distribúcie a o príprave hlavne vysokoškolsky vzdelaných odborníkov pre nakladateľstvá a distribúciu. Autor sa zamýšľa nad doplnením vzdelávania na katedre novinárstva...

Full description

Bibliographic Details
Main Author: Garaj, Ján Karol, 1903-1973 (Author)
Format: Article
Language:Slovak
Subjects:
Online Access:plný text

MARC

LEADER 00000nab a2200000 4500
001 vtls008693470
003 SK-MaSNL
005 20260305023747.0
008 140301 1955 xo p 000 0 slo
015 |a SNBRRBDKK190120XX 
035 |a CLAS02vtls000013085 
040 |a SNKBUDKK  |b slo  |c SNKBUDKK  |e a 
041 0 |a slo 
044 |a xo  |c SK 
080 |a 02  |2 1997 
080 |a 378  |2 1997 
100 1 |a Garaj, Ján Karol,  |d 1903-1973  |4 aut  |9 120481 
245 1 0 |a Čo chýba katedre novinárstva a knihovedy  |c Dr. J. K. Garaj, Slovenská kniha, Bratislava 
504 |a Pozn. pod textom 
520 2 |a Článok o nových podmienkach knižnej politiky po r. 1948 - t. j. po zoštátnení vydavateľstiev, nakladateľstiev a predovšetkým knižnej distribúcie a o príprave hlavne vysokoškolsky vzdelaných odborníkov pre nakladateľstvá a distribúciu. Autor sa zamýšľa nad doplnením vzdelávania na katedre novinárstva a knihovedy o predmety potrebné pre nakladateľskú a distribučnú prax. Problematiku delí na celky: tvorca knihy, výroba knihy, distribúcia knihy a bibliografické spravodajstvo. Rozoberá význam realizácie tohto návrhu 
650 0 7 |a knihovníctvo  |2 SNKPH  |9 1557 
650 0 7 |a vysoké školy  |2 SNKPH  |9 1277 
650 0 7 |a vysokoškolské štúdium  |2 SNKPH  |9 4044 
773 0 |t Knižnica : časopis pre knižnú kultúru  |g Roč. 7, č. 1 (1955), s. 35-38 
850 |a SNK 
852 |a SNK  |b KIS3GCP 
856 4 1 |u http://www.viks.sk/dkk/kniznica1955_35_38.doc  |y plný text 
910 |a bdkk  |a memoriask 
999 |c 3298939  |d 3300869